000
00334pab a2200145 454500
008
180718b1988 xxu||||| |||| 00| 0 eng d
100
_a
Neogi, Sisir Kumar
245
_a
Drinking Water
_b
Quality aspects
260
_c
1988
300
_a
35-8
362
_a
Jul.
650
_a
Water Supply
773
_a
Civic Affairs
909
_a
20608
999
_c
20608
_d
20608